Score 0/25 Timer 07:00
10 Plays Today
% Correct
Color Purpura
98.2%
Via Q
97.3%
Ridicula Res Occuravit in Via ad Forum
95.5%
Quomodo Vincere Negotio Sine Vere Conando
93.9%
Sonitus Musicae
93.6%
Rex et Ego
93.5%
Leonum Rex
91.4%
Musicae Vir
91.4%
Australis Mare Pacificum
90.5%
Mea Pulchra Femina
90.3%
Mali Americani
88.8%
Musica Rockica Aetatum
88.4%
Crinis
87.9%
% Correct
Crinis Aerosolum
85.7%
Nefanda
81.4%
Solis Occasus Via
76.4%
Interfectores
76.1%
Obscurus Hortus
73.7%
Socii
73.1%
Sordidi Putidi Nebulones
65.8%
Saxea Atrocitas Fabula
56.3%
Fabula Partis Occidentis
54.6%
Vale Avule
54.3%
Olim Super Coacto
43.9%
Pueri Novae Caesareae
40.7%
Remove Ads.
Support Sporcle.
Get the best of Sporcle when you Go Orange. This ad-free experience offers more features, more stats, and more fun while also helping to support Sporcle. Thank you for becoming a member.

You're not logged in!

Compare scores with friends on all Sporcle quizzes.
OR
Log In

Show Comments

Extras

Top Quizzes Today


Score Distribution

Your Account Isn't Verified!

In order to create a playlist on Sporcle, you need to verify the email address you used during registration. Go to your Sporcle Settings to finish the process.

Report this User

Report this user for behavior that violates our Community Guidelines.

Details: